China and world human rights protection (Record no. 586579)

000 -LEADER
fixed length control field 00352nam a22001217a 4500
082 ## - DEWEY DECIMAL CLASSIFICATION NUMBER
Classification number 323.0951
100 ## - MAIN ENTRY--PERSONAL NAME
Personal name Zhang Yonghe et al.
245 ## - TITLE STATEMENT
Title China and world human rights protection
Statement of responsibility, etc. Zhang Yonghe et al.
260 ## - PUBLICATION, DISTRIBUTION, ETC.
Place of publication, distribution, etc. China
Name of publisher, distributor, etc. Intercontinental Press
Date of publication, distribution, etc. 2019
300 ## - PHYSICAL DESCRIPTION
Extent 200p
942 ## - ADDED ENTRY ELEMENTS (KOHA)
Source of classification or shelving scheme
Koha item type Book
Holdings
Withdrawn status Lost status Source of classification or shelving scheme Materials specified (bound volume or other part) Damaged status Not for loan Permanent Location Current Location Shelving location Date acquired Full call number Barcode Date last seen Price effective from Koha item type Source of acquisition Total Checkouts
      Donated by Chinese embassy in Pakistan     Central Library (CL) Central Library (CL) Chinese Studies 10/18/2021 323.0951 CHI CL-D-1355 10/18/2021 10/18/2021 Book    
      Donated by Chinese embassy in Pakistan     Central Library (CL) Central Library (CL) Chinese Studies 10/18/2021 323.0951 CHI CL-D-1356 10/18/2021 10/18/2021 Book    
      Donated by China Study Centre (CSC) - S3H NUST     Central Library (CL) Central Library (CL) Chinese Studies 11/28/2025 323.0951 CHI CL-D-3113 11/29/2025 11/29/2025 Book Donation  
© 2023 Central Library, National University of Sciences and Technology. All Rights Reserved.